000 00576nam a2200181 i 4500
001 88360
003 ES-MaACL
005 20230906175839.0
007 t|
008 050104s1977 sp ||||1| spa d
100 1 _aLaing, Ronald David.
_969695
245 1 4 _aLas cosas de la vida
_b: un ensayo sobre los sentimientos, la realidad y la fantasía /
_cR.D. Laing ; traducción de Silvia Furió.
250 _a[2ª ed.].
260 _aBarcelona :
_bCrítica,
_c[1977]
300 _a192 p. ;
_c20 cm.
700 1 _aFurió, Silvia.
_953039
852 _aES-MaACL
_jA-8497
_bR.97091
999 _c88360
_d88360